Bibliografía botánica para Colombia 1 (Registro nro. 4146)

Detalles MARC
000 -CABECERA
Campo de control 00496nam a2200193 a 4500
005 - FECHA Y HORA DE LA ULTIMA TRANSACCION
Campo de control 20140314093650.0
008 - ELEMENTOS DE LONGITUD FIJA—INFORMACION GENERAL
Campo de control 140314b1991 ck ||||| |||| 00| 0 spa d
041 ## - IDIOMA
Código de idioma para texto/pista de sonido o título separado Español
044 ## - PAÍS DE PUBLICACIÓN
País de publicación Colombia
090 ## - CLASIFICACIÓN LOCAL
Colección LB
Consecutivo 03839
100 ## - ASIENTO PRINCIPAL--NOMBRE PERSONAL
Nombre personal Estrada, Javier
245 ## - MENCION DE TITULO
Título Bibliografía botánica para Colombia 1
260 ## - PUBLICACION, DISTRIBUCION, ETC. (PIE DE IMPRENTA)
Lugar de publicación, distribución, etc. Bogotá
Nombre del editor, distribuidor, etc. AECI
-- ICI
Fecha de publicación, distribución, etc. 1991
300 ## - DESCRIPCION FISICA
Extensión 400 p.
700 ## - ASIENTO SECUNDARIO - NOMBRE PERSONAL
Nombre personal Fuentes, Javier
700 ## - ASIENTO SECUNDARIO - NOMBRE PERSONAL
Nombre personal Cardiel, José María
942 ## - ELEMENTOS ADICIONALES (KOHA)
Tipo de ítem Impreso
Sistema de clasificación Local
945 ## - PROCESAMIENTO LOCAL
AAAA-MM-DD - Fecha de ingreso o modificacion 2004-09-15

No hay ítems disponibles.